000
00316nam a2200145Ia 4500
005
20251222151328.0
008
251222s9999||||xx |||||||||||||| ||spa||
020
_a
9788493521356
082
_a
843/P48
100
_a
Petta, Adriano
245
0
_a
La Herejía:
250
_a
1ra.ed.
264
_b
Star
942
_c
LIB
999
_c
23978
_d
23978